WOOD adhesives : a technical review
| Corporate Author: | |
|---|---|
| Format: | Book |
| Published: |
Kuala Lumpur :
ASEAN Timber Technology Centre ,
1991
|
| Subjects: |
MARC
| LEADER | 00000cam a2200000 7i4500 | ||
|---|---|---|---|
| 001 | 0000001894 | ||
| 005 | 20020411.0 | ||
| 090 | 0 | 0 | |a 691.99 |b WOO 1991 |
| 245 | 0 | 0 | |a WOOD adhesives : |b a technical review |
| 260 | 0 | 0 | |a Kuala Lumpur : |b ASEAN Timber Technology Centre , |c 1991 |
| 300 | |a 46 p. ; |c 30 cm. | ||
| 650 | 0 | 0 | |a Adhesives |
| 710 | 1 | 1 | |a ASEAN Timber Technology Centre (ATTC) |
| 998 | |a JPSM | ||
| 999 | |a 0000003025 |b Monograph |c Open Shelf |e Default branch | ||